00341nam a2200145Ia 45000030006000000080041000060400015000471000025000622450032000872500006001192600033001253000006001585460014001640050017001780STCL150530s9999 xx 000 0 und d aSTCLcSTCL aVasudevan Nair, M.T. aRaktham Puranda Mantharikal a7 bPhoenix Books; Trichurc1994 a0 aMalayalam20220125171638.0